| 000 | 00375 a2200157 4500 | ||
|---|---|---|---|
| 001 | 72367 | ||
| 020 | _a853251622X | ||
| 040 | _cAnchieta - Colégio São Paulo | ||
| 100 | _aRowling, J.K. | ||
| 240 | 1 | 0 |
_aHarry Potter e a ordem da fênix _lpor |
| 245 | 1 | 0 | _aHarry Potter e a ordem da fênix |
| 300 | _a702 | ||
| 362 | 0 | _a2003 | |
| 650 | 4 | _aLiteratura juvenil | |
| 942 | _cBK | ||
| 999 |
_c72367 _d72367 |
||